[Event "Rated Rapid tournament Wfkllj81"]
[Site "?"]
[Date "2021.02.09"]
[Round "?"]
[White "ruzomberok"]
[Black "lord_barre"]
[Result "1/2-1/2"]
[WhiteElo "2462"]
[BlackElo "2318"]
[PlyCount "22"]
[EventDate "2021.??.??"]
[EventType "rapid"]
[TimeControl "600+2"]

1. e4 e5 2. Nf3 Nc6 3. Nc3 Nf6 4. Nxe5 Nxe5 5. d4 Ng6 6. e5 Ng8 7. Bc4 d5 8.
Bxd5 c6 9. Bb3 Bb4 10. O-O Bxc3 11. bxc3 Be6 {Normal} 1/2-1/2

[Event "Rated Blitz game"]
[Site "?"]
[Date "2021.02.09"]
[Round "?"]
[White "Olarov-crybaby"]
[Black "TrickOrTreat"]
[Result "0-1"]
[WhiteElo "2343"]
[BlackElo "2414"]
[PlyCount "52"]
[EventDate "2021.??.??"]
[EventType "blitz"]
[TimeControl "180"]

1. e4 e5 2. Nf3 Nc6 3. Nc3 Nf6 4. Nxe5 Nxe5 5. d4 Ng6 6. e5 Ng8 7. Bc4 c6 8.
Qe2 Bb4 9. Bxf7+ Kxf7 10. Qc4+ d5 11. Qxb4 N8e7 12. O-O Rf8 13. Ne2 Kg8 14. Ng3
Nf5 15. Nxf5 Rxf5 16. b3 Qe7 17. Qd2 Be6 18. a4 h6 19. Ba3 Qf7 20. g3 Rh5 21.
f4 Qf5 22. Rae1 Qg4 23. Qg2 a6 24. f5 Qxd4+ 25. Kh1 Rxf5 26. Rxf5 Bxf5 {Normal}
0-1

[Event "Rated Blitz game"]
[Site "?"]
[Date "2021.02.09"]
[Round "?"]
[White "vladlitus"]
[Black "Krishnamurti33"]
[Result "0-1"]
[WhiteElo "2376"]
[BlackElo "2435"]
[PlyCount "132"]
[EventDate "2021.??.??"]
[EventType "blitz"]
[TimeControl "180"]

1. e4 e5 2. Nc3 Nf6 3. Nf3 Nc6 4. Nxe5 Nxe5 5. d4 Nc6 6. d5 Ne5 7. f4 Bd6 8.
fxe5 Bxe5 9. Qf3 d6 10. Bb5+ Bd7 11. Bxd7+ Qxd7 12. Bg5 Qg4 13. Bxf6 Qxf3 14.
gxf3 Bxf6 15. Kd2 Kd7 16. a4 c6 17. dxc6+ bxc6 18. Rad1 Ke6 19. b3 Rhd8 20. Ne2
g6 21. Nf4+ Ke7 22. Nd3 Bg7 23. Rde1 Kd7 24. h4 h5 25. f4 Re8 26. Rhg1 Bf6 27.
Rh1 Re7 28. e5 Bg7 29. exd6 Rxe1 30. Kxe1 Kxd6 31. Kf2 Re8 32. Kf3 Bf6 33. Nf2
Kc7 34. Ne4 Be7 35. f5 Rd8 36. f6 Bf8 37. Re1 Bh6 38. Ng5 Bxg5 39. hxg5 Rd7 40.
Re8 Kd6 41. Kf4 Kd5 42. c3 c5 43. b4 cxb4 44. cxb4 Rc7 45. Re7 Kd6 46. Re4 Kd5
47. Re7 Kd6 48. Rxc7 Kxc7 49. Ke5 Kc6 50. b5+ Kc5 51. a5 Kxb5 52. Kd6 h4 53.
Ke7 h3 54. Kxf7 h2 55. Kg7 h1=Q 56. f7 Qa1+ 57. Kg8 Qa2 58. Kg7 Qb2+ 59. Kg8
Qb3 60. Kg7 Qc3+ 61. Kg8 Qc4 62. Kg7 Qd4+ 63. Kg8 Qd5 64. Kg7 Qe5+ 65. Kg8 Qe6
66. Kg7 Qe7 {Time forfeit} 0-1

[Event "Rated Blitz game"]
[Site "?"]
[Date "2021.02.08"]
[Round "?"]
[White "lavilaine"]
[Black "agriokatsiki"]
[Result "0-1"]
[WhiteElo "2338"]
[BlackElo "2436"]
[PlyCount "82"]
[EventDate "2021.??.??"]
[EventType "blitz"]
[TimeControl "180"]

1. e4 e5 2. Nf3 Nc6 3. Nc3 Nf6 4. Nxe5 Nxe5 5. d4 Ng6 6. e5 d6 7. f4 Be7 8. Bd3
dxe5 9. dxe5 O-O 10. exf6 Bxf6 11. O-O Bd7 12. Be3 Bc6 13. Qg4 Re8 14. Rfe1
Rxe3 15. Rxe3 Bd4 16. Rae1 Qf6 17. Kh1 Bxe3 18. Rxe3 Qxf4 19. Qxf4 Nxf4 20. Be4
Bxe4 21. Nxe4 Rd8 22. g3 Ne6 23. Rb3 b6 24. Ra3 a5 25. Rc3 f5 26. Nf2 Rd2 27.
Kg2 Kf7 28. Kf3 Rxc2 29. Rxc2 Nd4+ 30. Ke3 Nxc2+ 31. Kd3 Nb4+ 32. Kc4 Nxa2 33.
Nd3 Nb4 34. Nxb4 axb4 35. Kxb4 g5 36. Kb5 f4 37. gxf4 gxf4 38. Kc4 Ke6 39. Kd4
Kf5 40. Kd5 f3 41. Kc6 f2 {Normal} 0-1

[Event "Rated Blitz game"]
[Site "?"]
[Date "2021.02.08"]
[Round "?"]
[White "brunosten"]
[Black "psykac"]
[Result "1-0"]
[WhiteElo "2455"]
[BlackElo "2375"]
[PlyCount "47"]
[EventDate "2021.??.??"]
[EventType "blitz"]
[TimeControl "180"]

1. e4 e5 2. Nf3 Nc6 3. Nc3 Nf6 4. Nxe5 Nxe5 5. d4 Nc6 6. d5 Ne5 7. f4 Ng6 8. e5
Ng8 9. Bc4 Bc5 10. Ne4 d6 11. Qf3 N8e7 12. Nxc5 dxc5 13. Be3 O-O 14. Bxc5 Bf5
15. O-O-O b6 16. Ba3 Qc8 17. h3 h5 18. Qxh5 Nxf4 19. Qg5 Nexd5 20. Rxd5 Nxd5
21. Bxd5 Rd8 22. Bxa8 Qd7 23. Bf3 c5 24. Rd1 {Normal} 1-0

[Event "Rated Blitz tournament WZrQ5ul8"]
[Site "?"]
[Date "2021.02.07"]
[Round "?"]
[White "vladlitus"]
[Black "El_Precisione"]
[Result "0-1"]
[WhiteElo "2371"]
[BlackElo "2538"]
[PlyCount "42"]
[EventDate "2021.??.??"]
[EventType "blitz"]
[TimeControl "180+2"]

1. e4 Nc6 2. Nc3 e5 3. Nf3 Nf6 4. Nxe5 Nxe5 5. d4 Nc6 6. d5 Bb4 7. dxc6 bxc6 8.
Bd3 d5 9. exd5 O-O 10. dxc6 Re8+ 11. Be2 Bxc3+ 12. bxc3 Nd5 13. Kf1 Qe7 14. Bd3
Nxc3 15. Qd2 Ne4 16. Qe3 Qf6 17. Rb1 Qxc6 18. Bb2 Ba6 19. Qd4 f6 20. Rd1 Rad8
21. Qa4 Qxa4 {Normal} 0-1

[Event "Rated Blitz tournament nL2c0cYF"]
[Site "?"]
[Date "2021.02.07"]
[Round "?"]
[White "sim13a"]
[Black "Kumi"]
[Result "0-1"]
[WhiteElo "2400"]
[BlackElo "2567"]
[PlyCount "34"]
[EventDate "2021.??.??"]
[EventType "blitz"]
[TimeControl "180+2"]

1. e4 e5 2. Nf3 Nc6 3. Nc3 Nf6 4. Nxe5 Nxe5 5. d4 Bd6 6. dxe5 Bxe5 7. f4 Bxc3+
8. bxc3 Nxe4 9. Qd4 Qh4+ 10. g3 Nxg3 11. Qf2 Qe7+ 12. Kd1 Nxh1 13. Qg2 d5 14.
Qxh1 Bg4+ 15. Kd2 O-O-O 16. a4 Rhe8 17. Ba3 Qe3# {Normal} 0-1

[Event "Rated Blitz tournament hONhNQkS"]
[Site "?"]
[Date "2021.02.07"]
[Round "?"]
[White "FallschirmSpringer"]
[Black "DiogenesSinopeus"]
[Result "1-0"]
[WhiteElo "2545"]
[BlackElo "2467"]
[PlyCount "75"]
[EventDate "2021.??.??"]
[EventType "blitz"]
[TimeControl "180+2"]

1. e4 e5 2. Nf3 Nc6 3. Nc3 Nf6 4. Nxe5 Nxe5 5. d4 Ng6 6. e5 Ng8 7. Bc4 d5 8.
Bxd5 c6 9. Bb3 Be6 10. O-O Nh6 11. Bxh6 gxh6 12. f4 Qd7 13. d5 Bf5 14. g4 Bxg4
15. e6 fxe6 16. Qxg4 exd5 17. f5 O-O-O 18. Qd4 b6 19. Qd3 Bc5+ 20. Kh1 Ne5 21.
Qh3 Kb7 22. Rad1 Bd6 23. Ba4 Qf7 24. Qxh6 Ng4 25. Qe6 Qh5 26. Rd2 Rhe8 27.
Bxc6+ Kxc6 28. Qxd5+ Kc7 29. Nb5+ Kb8 30. Nxd6 Rd7 31. Qf3 Red8 32. Qf4 Ka8 33.
Rfd1 Rxd6 34. Rxd6 Rxd6 35. Rxd6 Qh3 36. Rd8+ Kb7 37. Rb8+ Ka6 38. Qa4# {Normal
} 1-0

[Event "Rated Blitz game"]
[Site "?"]
[Date "2021.02.07"]
[Round "?"]
[White "kahvitauko"]
[Black "BernhardBorge"]
[Result "0-1"]
[WhiteElo "2457"]
[BlackElo "2623"]
[PlyCount "62"]
[EventDate "2021.??.??"]
[EventType "blitz"]
[TimeControl "180"]

1. e4 Nf6 2. Nc3 e5 3. Nf3 Nc6 4. Nxe5 Nxe5 5. d4 Ng6 6. e5 Ng8 7. Bc4 c6 8.
Qe2 Be7 9. Qf3 d5 10. exd6 Bf6 11. O-O Qxd6 12. Re1+ N8e7 13. Ne4 Qxd4 14.
Nxf6+ Qxf6 15. Qg3 h6 16. Bd2 O-O 17. Bc3 Qf5 18. Bd3 Qg4 19. Qd6 Nd5 20. Re4
Qd7 21. Qg3 Nxc3 22. bxc3 Qd5 23. Rae1 Bf5 24. Re5 Nxe5 25. Rxe5 Qxa2 26. Rxf5
Qb1+ 27. Bf1 Rad8 28. Qh3 Rd1 29. g4 Re8 30. g5 hxg5 31. Rxg5 Rxf1+ {Normal}
0-1

[Event "Rated Rapid game"]
[Site "?"]
[Date "2021.02.07"]
[Round "?"]
[White "brunosten"]
[Black "Beastofuyo"]
[Result "1/2-1/2"]
[WhiteElo "2487"]
[BlackElo "2448"]
[PlyCount "176"]
[EventDate "2021.??.??"]
[EventType "rapid"]
[TimeControl "600"]

1. e4 e5 2. Nf3 Nc6 3. Nc3 Nf6 4. Nxe5 Nxe5 5. d4 Ng6 6. e5 Ng8 7. Bc4 d5 8.
Bxd5 N8e7 9. Be4 Nf5 10. Be3 Bb4 11. O-O c5 12. Nd5 O-O 13. a3 Nxe3 14. fxe3
Be6 15. c4 Ba5 16. b4 Bxd5 17. Bxd5 cxb4 18. axb4 Bxb4 19. Bxb7 Rb8 20. Bd5 a5
21. Qf3 Qe7 22. Ra2 Kh8 23. Raf2 f6 24. Qh5 fxe5 25. Rf5 Rxf5 26. Rxf5 Nf8 27.
Rf7 Qd6 28. Be4 Qh6 29. Qxh6 gxh6 30. c5 exd4 31. exd4 Bc3 32. c6 Bxd4+ 33. Kf1
Bb6 34. Bf5 Kg8 35. c7 Ra8 36. Rxf8+ Kxf8 37. c8=Q+ Rxc8 38. Bxc8 a4 39. Be6 a3
40. Ba2 Bc7 41. h3 Bg3 42. Ke2 h5 43. Kd3 Ke7 44. Kc4 Kf6 45. Kb4 Bd6+ 46. Kb3
h4 47. Bb1 h6 48. Be4 Ke5 49. Bf3 Kd4 50. Ka2 Kd3 51. Ba8 Kc2 52. Bf3 Kd3 53.
Ba8 Bc5 54. Bf3 Ke3 55. Ba8 Kf4 56. Bf3 Kf5 57. Ba8 h5 58. Bf3 Kg5 59. Ba8 Kf5
60. Bf3 Kg5 61. Ba8 Kh6 62. Bf3 Bd6 63. Ba8 Be7 64. Bf3 Kg6 65. Ba8 Kg5 66. Bb7
Kf4 67. Bc6 Bd6 68. Bf3 Kg3 69. Ba8 Be5 70. Bf3 Bd6 71. Ba8 Bf8 72. Bf3 Kf4 73.
Ba8 Kg3 74. Bb7 Be7 75. Ba8 Bd6 76. Bb7 Be7 77. Ba8 Bb4 78. Bb7 Kf2 79. Ba8 Kg3
80. Bb7 Bc5 81. Ba8 Bd6 82. Bb7 Be7 83. Ba8 Bf8 84. Bb7 Be7 85. Ba8 Bd6 86. Bb7
Bc5 87. Ba8 Bd6 88. Bb7 Be7 {Normal} 1/2-1/2

[Event "Rated Blitz tournament hONhNQkS"]
[Site "?"]
[Date "2021.02.07"]
[Round "?"]
[White "FallschirmSpringer"]
[Black "mornarpopaj"]
[Result "0-1"]
[WhiteElo "2555"]
[BlackElo "2545"]
[PlyCount "76"]
[EventDate "2021.??.??"]
[EventType "blitz"]
[TimeControl "180+2"]

1. e4 e5 2. Nf3 Nc6 3. Nc3 Nf6 4. Nxe5 Nxe5 5. d4 Ng6 6. e5 Bb4 7. exf6 Qxf6 8.
Qe2+ Ne7 9. Bd2 O-O 10. O-O-O Bxc3 11. Bxc3 d5 12. Bb4 Re8 13. Re1 Be6 14. Qd2
Nf5 15. Bc3 c6 16. Bd3 Nd6 17. f3 a5 18. Re5 b5 19. Qf2 b4 20. Bd2 Bf5 21. Bxf5
Nxf5 22. Rhe1 Nd6 23. Qe2 h6 24. g4 Reb8 25. g5 hxg5 26. Bxg5 Qg6 27. Rg1 Re8
28. Be3 Qf6 29. Reg5 Nf5 30. Qg2 Nxe3 31. Rxg7+ Kf8 32. Qg3 Rac8 33. h4 Nf5 34.
Rg8+ Ke7 35. Re1+ Kd7 36. Rgxe8 Rxe8 37. Qh3 Rxe1+ 38. Kd2 Qe6 {Normal} 0-1

[Event "Rated Rapid game"]
[Site "?"]
[Date "2021.02.06"]
[Round "?"]
[White "FallschirmSpringer"]
[Black "MFK91"]
[Result "0-1"]
[WhiteElo "2488"]
[BlackElo "2267"]
[PlyCount "110"]
[EventDate "2021.??.??"]
[EventType "rapid"]
[TimeControl "900"]

1. e4 e5 2. Nf3 Nc6 3. Nc3 Nf6 4. Nxe5 Nxe5 5. d4 Ng6 6. e5 Ng8 7. Bc4 d5 8.
Bxd5 c6 9. Bb3 Be6 10. O-O Bxb3 11. axb3 Bb4 12. f4 Bxc3 13. bxc3 f5 14. exf6
Nxf6 15. Qe2+ Kf7 16. f5 Nf8 17. Ba3 Qd7 18. Qc4+ Nd5 19. Rae1 Re8 20. Re6 Kg8
21. Bxf8 Rxf8 22. Qd3 Nc7 23. Re5 Re8 24. Qe2 Rxe5 25. dxe5 h6 26. f6 gxf6 27.
exf6 Rh7 28. Qh5 Qf7 29. Qg4+ Kh8 30. Qc8+ Qg8 31. Qxb7 Rf7 32. Qxc6 Ne8 33.
Qe6 Nc7 34. Qe3 Kh7 35. Qe4+ Qg6 36. Qf4 Nd5 37. Qe5 Nxf6 38. h3 Rg7 39. Rf2
Nh5 40. Qe3 Ng3 41. Qf3 Ne4 42. Re2 Ng5 43. Qg4 Nf7 44. Qxg6+ Rxg6 45. Re7 Kg7
46. Rxa7 Rd6 47. Kh2 Rd2 48. Rc7 Rxc2 49. b4 Rb2 50. Rc5 Kf6 51. b5 Ne5 52.
Rc6+ Kf5 53. Rc5 Kf4 54. c4 Nf3+ 55. Kh1 Rb1# {Normal} 0-1

[Event "Rated Blitz game"]
[Site "?"]
[Date "2021.02.06"]
[Round "?"]
[White "AESTHET1CH"]
[Black "molinov"]
[Result "1/2-1/2"]
[WhiteElo "2594"]
[BlackElo "2420"]
[PlyCount "100"]
[EventDate "2021.??.??"]
[EventType "blitz"]
[TimeControl "180"]

1. e4 e5 2. Nf3 Nc6 3. Nc3 Nf6 4. Nxe5 Nxe5 5. d4 Nc6 6. d5 d6 7. dxc6 bxc6 8.
Be2 Be7 9. O-O Bb7 10. Be3 O-O 11. Qd2 d5 12. e5 Nd7 13. f4 Bc5 14. Bxc5 Nxc5
15. b4 Nd7 16. Na4 Qe7 17. Bg4 Nb6 18. Nc5 Bc8 19. Bxc8 Raxc8 20. a4 Nd7 21.
Nxd7 Qxd7 22. f5 Rfe8 23. Rae1 f6 24. e6 Qd6 25. Qd4 a5 26. c3 Ra8 27. c4 Qxb4
28. Ra1 Rad8 29. Qa7 Qxc4 30. Qxc7 Qc5+ 31. Kh1 Rc8 32. Qf7+ Kh8 33. Rac1 Qe7
34. Qxe7 Rxe7 35. g4 c5 36. Rfd1 g6 37. Rxd5 c4 38. Kg2 Ra7 39. Rc3 gxf5 40.
gxf5 Kg7 41. Kf3 Kh6 42. Kf4 Rb7 43. Rxa5 Rb1 44. Rh3+ Kg7 45. Ra7+ Kg8 46.
Raxh7 Rf1+ 47. Ke4 Re1+ 48. Kf4 Rf1+ 49. Ke4 Re1+ 50. Kf4 Rf1+ {Normal} 1/2-1/2

[Event "Rated Blitz game"]
[Site "?"]
[Date "2021.02.06"]
[Round "?"]
[White "Pepeoutai"]
[Black "God29"]
[Result "0-1"]
[WhiteElo "2396"]
[BlackElo "2403"]
[PlyCount "84"]
[EventDate "2021.??.??"]
[EventType "blitz"]
[TimeControl "180+2"]

1. e4 e5 2. Nf3 Nc6 3. Nc3 Nf6 4. Nxe5 Nxe5 5. d4 Nc6 6. d5 Bb4 7. dxc6 Nxe4 8.
Qd4 Qe7 9. Be2 O-O 10. O-O Nxc3 11. bxc3 Bc5 12. Qc4 dxc6 13. Bf4 Be6 14. Qe4
Rfe8 15. Bd3 g6 16. Qf3 Bd6 17. Be3 Bd5 18. Qh3 Qe6 19. Qh4 Qe7 20. Qh3 Qf6 21.
c4 Be4 22. Rab1 b6 23. Rfd1 Bf4 24. Bxe4 Rxe4 25. Qf3 Qe5 26. Bxf4 Qxf4 27.
Qxf4 Rxf4 28. Rd7 Rxc4 29. Rxc7 Rxc2 30. a4 Ra2 31. h4 Rxa4 32. h5 c5 33. Re1
Rf4 34. Ree7 gxh5 35. Re5 a5 36. Rg5+ Kh8 37. Rxh5 a4 38. Rc6 Rg4 39. Rxb6 a3
40. Rb1 a2 41. Ra1 Rb4 42. Kh2 Rb1 {Normal} 0-1

[Event "Rated Blitz game"]
[Site "?"]
[Date "2021.02.06"]
[Round "?"]
[White "AESTHET1CH"]
[Black "Azde"]
[Result "1-0"]
[WhiteElo "2528"]
[BlackElo "2385"]
[PlyCount "75"]
[EventDate "2021.??.??"]
[EventType "blitz"]
[TimeControl "180"]

1. e4 e5 2. Nf3 Nc6 3. Nc3 Nf6 4. Nxe5 Nxe5 5. d4 Ng6 6. e5 Ng8 7. Qf3 d5 8.
Qxd5 Qxd5 9. Nxd5 Kd8 10. Bc4 Be6 11. Ne3 c6 12. O-O Nh6 13. g3 Bxc4 14. Nxc4
Kc7 15. Bxh6 gxh6 16. c3 h5 17. f4 Re8 18. f5 Ne7 19. f6 Nd5 20. Rf5 h4 21. Rh5
hxg3 22. hxg3 Rg8 23. Rxh7 Rxg3+ 24. Kf2 Rg6 25. Rxf7+ Kc8 26. Rh1 b5 27. Na5
Bh6 28. Nxc6 a6 29. Kf3 Re6 30. Rh7 Rxc6 31. R1xh6 Rxh6 32. Rxh6 Kd7 33. f7 Rc8
34. Rd6+ Ke7 35. Rxd5 Kxf7 36. Rd7+ Ke6 37. Ra7 Rc6 38. Ke4 {Normal} 1-0

[Event "Rated Blitz game"]
[Site "?"]
[Date "2021.02.05"]
[Round "?"]
[White "vladlitus"]
[Black "Vyka"]
[Result "1-0"]
[WhiteElo "2364"]
[BlackElo "2423"]
[PlyCount "23"]
[EventDate "2021.??.??"]
[EventType "blitz"]
[TimeControl "180"]

1. e4 e5 2. Nc3 Nc6 3. Nf3 Nf6 4. Nxe5 Nxe5 5. d4 Nc6 6. d5 Nb8 7. e5 Ng8 8. d6
c6 9. Bc4 b5 10. Bb3 a5 11. Nxb5 a4 12. Nc7+ {Normal} 1-0

[Event "Rated Blitz game"]
[Site "?"]
[Date "2021.02.05"]
[Round "?"]
[White "mulnachnit"]
[Black "JohnChapman"]
[Result "0-1"]
[WhiteElo "2262"]
[BlackElo "2436"]
[PlyCount "66"]
[EventDate "2021.??.??"]
[EventType "blitz"]
[TimeControl "180"]

1. e4 e5 2. Nc3 Nf6 3. Nf3 Nc6 4. Nxe5 Nxe5 5. d4 d6 6. dxe5 dxe5 7. Bg5 Be6 8.
Qf3 Be7 9. Rd1 Nd7 10. Bxe7 Qxe7 11. Qg3 O-O 12. Nd5 Bxd5 13. Rxd5 c6 14. Rd2
Nf6 15. Bd3 Rad8 16. O-O Nxe4 17. Bxe4 Rxd2 18. Bd3 h6 19. Qe3 Qg5 20. Qe4 g6
21. h4 Qf4 22. Qe1 Rxd3 23. cxd3 Rd8 24. g3 Qd4 25. Qe2 Rd5 26. Rd1 a5 27. Qe3
e4 28. Qxh6 exd3 29. Re1 Re5 30. Rxe5 Qxe5 31. Kg2 Qd5+ 32. Kf1 d2 33. h5 d1=Q#
{Normal} 0-1

[Event "Rated Blitz game"]
[Site "?"]
[Date "2021.02.05"]
[Round "?"]
[White "Aref2233"]
[Black "J0u0ns"]
[Result "1-0"]
[WhiteElo "2288"]
[BlackElo "2408"]
[PlyCount "127"]
[EventDate "2021.??.??"]
[EventType "blitz"]
[TimeControl "180+2"]

1. e4 e5 2. Nf3 Nc6 3. Nc3 Nf6 4. Nxe5 Nxe5 5. d4 Nc6 6. d5 Bb4 7. dxc6 bxc6 8.
Bd3 d5 9. e5 Ng4 10. O-O O-O 11. Bf4 Re8 12. Re1 Bc5 13. Bg3 h5 14. Na4 h4 15.
Nxc5 hxg3 16. hxg3 Qg5 17. f3 Ne3 18. f4 Qxg3 19. Qf3 Qxf3 20. gxf3 d4 21. Be4
Bf5 22. Bxc6 Nxc2 23. Bxa8 Rxa8 24. Rad1 Nxe1 25. Rxe1 Rb8 26. b3 Rb5 27. Ne4
Rd5 28. Kf2 d3 29. Ke3 Rd8 30. Rc1 d2 31. Rd1 Bxe4 32. fxe4 g5 33. fxg5 Re8 34.
Rxd2 Rxe5 35. Rd7 Rxg5 36. Rxc7 Ra5 37. a4 Kf8 38. Kf4 Ke8 39. Rb7 f6 40. Rh7
Kd8 41. Rf7 Ra6 42. Kf5 Rb6 43. Rxf6 Rxb3 44. Ra6 Rf3+ 45. Ke6 Rf4 46. e5 Kc7
47. Rxa7+ Kb6 48. Ra8 Kb7 49. Ra5 Kb6 50. Rb5+ Kc6 51. Ra5 Kb6 52. Rb5+ Kc6 53.
Rb2 Rxa4 54. Rc2+ Kb7 55. Ke7 Ra6 56. e6 Ra1 57. Rd2 Kc7 58. Rc2+ Kb7 59. Rc4
Rd1 60. Ke8 Rh1 61. e7 Rh8+ 62. Kd7 Rh7 63. Rb4+ Ka6 64. Kd8 {Time forfeit} 1-0

[Event "Rated Blitz game"]
[Site "?"]
[Date "2021.02.04"]
[Round "?"]
[White "forbiddencheapos"]
[Black "uriberto"]
[Result "1-0"]
[WhiteElo "2308"]
[BlackElo "2447"]
[PlyCount "75"]
[EventDate "2021.??.??"]
[EventType "blitz"]
[TimeControl "300"]

1. e4 e5 2. Nf3 Nf6 3. Nc3 Nc6 4. Nxe5 Nxe5 5. d4 Ng6 6. e5 Ng8 7. Bc4 d5 8.
Bxd5 c6 9. Bb3 Bb4 10. O-O Bxc3 11. bxc3 N8e7 12. f4 h5 13. c4 Nf5 14. c3 h4
15. a4 a5 16. Qd3 Be6 17. Ba3 Qb6 18. Rab1 O-O-O 19. c5 Qc7 20. Bc2 Rd7 21. Rb6
Rhd8 22. Qe4 Nge7 23. Rfb1 Qb8 24. Bc1 Nd5 25. R6b3 Qa7 26. Bd2 Nde7 27. Be1
Bxb3 28. Bxb3 Nxd4 29. cxd4 Rxd4 30. Qc2 Rxf4 31. Bd2 Rf5 32. e6 fxe6 33. Bxe6+
Kc7 34. Bxf5 Rxd2 35. Qxd2 Qxc5+ 36. Kh1 Qxf5 37. Rd1 Qd5 38. Qf4+ {Normal} 1-0

[Event "Rated Blitz game"]
[Site "?"]
[Date "2021.02.04"]
[Round "?"]
[White "nunax"]
[Black "TsapulinAnatoly"]
[Result "0-1"]
[WhiteElo "2416"]
[BlackElo "2435"]
[PlyCount "88"]
[EventDate "2021.??.??"]
[EventType "blitz"]
[TimeControl "180"]

1. e4 e5 2. Nf3 Nf6 3. Nc3 Nc6 4. Nxe5 Nxe5 5. d4 Nc6 6. d5 Nb8 7. e5 Ng8 8. d6
cxd6 9. exd6 Qa5 10. Bd2 Qe5+ 11. Be3 Bxd6 12. Nb5 Bc5 13. Qd5 Qxd5 14. Nc7+
Kd8 15. Nxd5 Bxe3 16. Nxe3 Nc6 17. O-O-O Nf6 18. Bc4 Ne5 19. Bb3 Re8 20. f4 Nc6
21. Nf5 Re2 22. Nxg7 d5 23. Bxd5 Nxd5 24. Rxd5+ Ke7 25. g3 Nb4 26. Rd2 Rxd2 27.
Kxd2 Be6 28. c3 Rd8+ 29. Kc1 Nd3+ 30. Kc2 Nc5 31. Nxe6 fxe6 32. Re1 Kf6 33. Re5
b6 34. Rh5 Rd7 35. b4 Ne4 36. Kb3 Rd3 37. Rxh7 Rxc3+ 38. Ka4 a6 39. Ra7 Rc2 40.
a3 a5 41. Kb5 axb4 42. axb4 Rxh2 43. Kxb6 Rb2 44. b5 Nd6 {Time forfeit} 0-1

[Event "Rated Blitz game"]
[Site "?"]
[Date "2021.02.04"]
[Round "?"]
[White "cldng"]
[Black "Tichugott"]
[Result "1-0"]
[WhiteElo "2407"]
[BlackElo "2283"]
[PlyCount "81"]
[EventDate "2021.??.??"]
[EventType "blitz"]
[TimeControl "300"]

1. e4 e5 2. Nf3 Nc6 3. Nc3 Nf6 4. Nxe5 Nxe5 5. d4 Ng6 6. e5 Ng8 7. Bc4 d5 8.
Bxd5 c6 9. Bb3 Be6 10. Bxe6 fxe6 11. O-O Bb4 12. Ne4 N8e7 13. c3 Ba5 14. Nd6+
Kd7 15. Nxb7 Qb6 16. Nc5+ Kc7 17. b4 Bxb4 18. cxb4 Qxb4 19. Rb1 Qc4 20. Rb7+
Kc8 21. Bg5 Re8 22. Qb1 Nd5 23. Rxg7 Rb8 24. Rb7 Nb6 25. Rxb8+ Kxb8 26. Qe4 Qd5
27. Qxd5 cxd5 28. f4 Kc7 29. g4 Kc6 30. Rc1 Nc4 31. Kf2 Rb8 32. Rc2 Re8 33. Kg3
Nf8 34. f5 exf5 35. gxf5 Nd7 36. Nxd7 Kxd7 37. e6+ Kd6 38. Re2 Nb6 39. e7 Nd7
40. Re6+ Kc7 41. f6 {Time forfeit} 1-0

[Event "Rated Blitz game"]
[Site "?"]
[Date "2021.02.04"]
[Round "?"]
[White "nunax"]
[Black "Quillotamaster"]
[Result "1-0"]
[WhiteElo "2403"]
[BlackElo "2398"]
[PlyCount "141"]
[EventDate "2021.??.??"]
[EventType "blitz"]
[TimeControl "180"]

1. e4 e5 2. Nf3 Nc6 3. Nc3 Nf6 4. Nxe5 Nxe5 5. d4 Ng6 6. e5 Ng8 7. Bc4 d5 8.
Bxd5 N8e7 9. Bb3 Nf5 10. Be3 c5 11. dxc5 Qxd1+ 12. Rxd1 Nxe5 13. Nb5 Nxe3 14.
fxe3 Rb8 15. Nc7+ Ke7 16. O-O Be6 17. Nxe6 fxe6 18. Rd6 Nc6 19. Rxe6+ Kd7 20.
Rf7+ Be7 21. Rxg7 Rbg8 22. Rxg8 Rxg8 23. Rxc6 Rxg2+ 24. Kxg2 bxc6 25. Bg8 Bxc5
26. Bxh7 Bxe3 27. Kf3 Bc1 28. b3 Kd6 29. Ke4 a5 30. a4 Kc5 31. Bf5 Kd6 32. h4
c5 33. h5 Ke7 34. Kd5 Be3 35. Kc4 Kd6 36. Kd3 Bf4 37. Ke4 Bd2 38. Kf3 Ke7 39.
Bd3 Kf6 40. Ke4 Bb4 41. Kd5 Kg5 42. Be2 Kh6 43. Kc4 Ba3 44. c3 Kg5 45. Bf3 Kh6
46. Be2 Kg5 47. Kb5 Bb2 48. Kxa5 Bxc3+ 49. Kb6 Bb4 50. a5 c4 51. Bxc4 Kxh5 52.
a6 Bc3 53. Kb7 Bd4 54. b4 Kg5 55. b5 Kf6 56. b6 Be5 57. a7 Kf5 58. a8=Q Kf4 59.
Qe8 Ke4 60. Qxe5+ Kxe5 61. Kc7 Kd4 62. b7 Kc3 63. b8=Q Kd4 64. Qb3 Ke4 65. Qb5
Kd4 66. Qd5+ Kc3 67. Ba6 Kb4 68. Qb5+ Kc3 69. Qc4+ Kd2 70. Qd3+ Ke1 71. Qe2# {
Normal} 1-0

[Event "Rated Blitz game"]
[Site "?"]
[Date "2021.02.04"]
[Round "?"]
[White "GoughPhar"]
[Black "Wilsonpalencia"]
[Result "0-1"]
[WhiteElo "2378"]
[BlackElo "2441"]
[PlyCount "52"]
[EventDate "2021.??.??"]
[EventType "blitz"]
[TimeControl "180"]

1. e4 e5 2. Nf3 Nc6 3. Nc3 Nf6 4. Nxe5 Nxe5 5. d4 d6 6. dxe5 dxe5 7. Qxd8+ Kxd8
8. Bg5 Be6 9. O-O-O+ Kc8 10. Nd5 Nxe4 11. Nb6+ cxb6 12. Rd8+ Kc7 13. Rxa8 Nxg5
14. Be2 Ne4 15. Rd1 Nd6 16. Rxa7 Be7 17. Bf3 e4 18. Be2 f5 19. f3 e3 20. g3 g5
21. Ra4 b5 22. Rb4 Kc6 23. Re1 Nc4 24. Rb3 f4 25. Rc3 Kb6 26. b3 Bb4 {Normal}
0-1

[Event "Rated Blitz game"]
[Site "?"]
[Date "2021.02.04"]
[Round "?"]
[White "vladlitus"]
[Black "mabumba"]
[Result "1-0"]
[WhiteElo "2357"]
[BlackElo "2459"]
[PlyCount "101"]
[EventDate "2021.??.??"]
[EventType "blitz"]
[TimeControl "180"]

1. e4 e5 2. Nc3 Nf6 3. Nf3 Nc6 4. Nxe5 Nxe5 5. d4 Nc6 6. d5 Bb4 7. dxc6 Nxe4 8.
Qd4 Bxc3+ 9. bxc3 Nf6 10. cxd7+ Qxd7 11. Ba3 Qxd4 12. cxd4 Be6 13. O-O-O O-O-O
14. c4 Ne4 15. d5 Nxf2 16. Re1 Bf5 17. Rg1 Rhe8 18. Be2 Bd3 19. Kd2 Bxe2 20.
Rxe2 Rxe2+ 21. Kxe2 Ne4 22. Kd3 Re8 23. Rf1 f6 24. Rf4 Ng5 25. Bb2 Kd7 26. Rg4
h6 27. h4 f5 28. Rg3 Ne4 29. Rxg7+ Re7 30. Rxe7+ Kxe7 31. Ke3 Nd6 32. Kd4 Ne4
33. Bc1 h5 34. Bf4 Kd7 35. c5 c6 36. Ke5 cxd5 37. Kxd5 a6 38. Ke5 Nxc5 39. Kxf5
b5 40. Kg6 Ne6 41. Be3 Kd6 42. Kxh5 Ke5 43. g4 a5 44. g5 b4 45. Kg4 a4 46. Bd2
b3 47. axb3 axb3 48. Bc3+ Kd5 49. h5 Kc4 50. Bb2 Nd4 51. h6 {Time forfeit} 1-0

[Event "Rated Blitz game"]
[Site "?"]
[Date "2021.02.04"]
[Round "?"]
[White "nunax"]
[Black "ramza39"]
[Result "1-0"]
[WhiteElo "2415"]
[BlackElo "2455"]
[PlyCount "71"]
[EventDate "2021.??.??"]
[EventType "blitz"]
[TimeControl "180"]

1. e4 e5 2. Nf3 Nf6 3. Nc3 Nc6 4. Nxe5 Nxe5 5. d4 Nc6 6. d5 Nb8 7. e5 Ng8 8. d6
f6 9. f4 fxe5 10. fxe5 Qh4+ 11. g3 Qb4 12. a3 Qc5 13. Bf4 Nc6 14. Nb5 cxd6 15.
b4 Qb6 16. exd6 Kd8 17. Qf3 Nd4 18. Bg5+ Ke8 19. Nc7+ Qxc7 20. Qe3+ Ne6 21.
dxc7 Bd6 22. Bf4 Bxf4 23. gxf4 Nf6 24. f5 Nd5 25. Qe5 Ndxc7 26. fxe6 Nxe6 27.
Bc4 Kd8 28. Bxe6 Re8 29. Qg5+ Kc7 30. O-O-O Rxe6 31. Rhe1 a5 32. Rxe6 dxe6 33.
Qxg7+ Kc6 34. Qc3+ Kb6 35. Qc5+ Ka6 36. Qxa5# {Normal} 1-0

[Event "Rated Blitz game"]
[Site "?"]
[Date "2021.02.04"]
[Round "?"]
[White "maximsnigurov"]
[Black "Belyakov_Bogdan"]
[Result "0-1"]
[WhiteElo "2550"]
[BlackElo "2479"]
[PlyCount "58"]
[EventDate "2021.??.??"]
[EventType "blitz"]
[TimeControl "240+2"]

1. e4 e5 2. Nf3 Nc6 3. Nc3 Nf6 4. Nxe5 Nxe5 5. d4 Ng6 6. e5 Ng8 7. Bc4 d5 8.
Bxd5 N8e7 9. Bb3 Nf5 10. Be3 Be6 11. d5 Bd7 12. O-O Nxe3 13. fxe3 Nxe5 14. Qh5
Bd6 15. Ne4 O-O 16. Rf6 Bg4 17. Qg5 h6 18. Qh4 Bf5 19. Nxd6 cxd6 20. Rxh6 gxh6
21. Qxh6 Bg6 22. Rf1 f5 23. h4 Qf6 24. e4 f4 25. c4 Ng4 26. Qg5 Qxg5 27. hxg5
b6 28. Ba4 Ne5 29. b3 Bxe4 {Normal} 0-1